000 00756nam a2200241Ia 4500
003 OSt
005 20220923222536.0
006 a|||||r|||| 00| 0
007 ta
008 220922b |||||||| |||| 00| 0 hin d
024 _a205,807
037 _cTextual
040 _aARTS
_cARTS
_bhin
041 _2hin
_ahin
082 _aP0aY:1, 152M4-;1
100 _aतिवारी, भोलानाथ
_9156271
245 0 _aभाषा और संस्कृति
246 _aBhāṣhā aur sanskṛuti
260 _aदिल्ली
_b प्रभात प्रका0
_c1984
300 _a184पृ.
_ccm.
942 _hP0aY:1, 152M4-;1
_cTEXL
_2CC
999 _c356486
_d356486